[Event "San Francisco TNM Fall op"]
[Site "San Francisco"]
[Date "2017.11.14"]
[Round "4"]
[White "Ross, Max"]
[Black "Hack, Richard"]
[Result "1-0"]
[WhiteElo "1313"]
[BlackElo "1635"]
[PlyCount "99"]
[EventDate "2017.10.24"]
[EventType "swiss"]
[EventRounds "9"]
[EventCountry "USA"]
[SourceTitle "EXT 2023"]
[Source "ChessBase"]
[SourceDate "2022.10.05"]
[SourceVersion "1"]
[SourceVersionDate "2022.10.05"]
[SourceQuality "1"]

1. d4 f5 2. e3 Nf6 3. Bd3 d6 4. f4 g6 5. c3 Bg7 6. Nf3 0-0 7. 0-0 Qe8 8. Ng5 e6 9. Nd2 h6 10. Ngf3 b6 11. Qb3 Nc6 12. e4 fxe4 13. Nxe4 Na5 14. Qc2 Nd5 15. g3 Ne7 16. Bd2 Bb7 17. b4 Nac6 18. Rae1 a5 19. a3 axb4 20. axb4 Nd8 21. g4 Ba6 22. Ng3 Bxd3 23. Qxd3 c5 24. bxc5 dxc5 25. Qe4 Qc6 26. dxc5 bxc5 27. Qxc6 Nexc6 28. g5 h5 29. Ne4 Rf5 30. Nh4 Rd5 31. Nxg6 Kh7 32. Nh4 Ne7 33. Rd1 Nf5 34. Nxf5 Rxf5 35. Ng3 Rd5 36. Nxh5 Nf7 37. Nxg7 Kxg7 38. Be3 Rad8 39. Rxd5 Rxd5 40. c4 Rf5 41. Rd1 Kg6 42. Kg2 e5 43. Rd5 exf4 44. Rxf5 Kxf5 45. Bxc5 Ne5 46. Be7 Nxc4 47. h4 Ne5 48. h5 Kg4 49. g6 f3+ 50. Kf1 1-0

[Event "San Francisco TNM Fall op"]
[Site "San Francisco"]
[Date "2016.11.22"]
[Round "6"]
[White "Marrus, Matthew E"]
[Black "Hack, Richard"]
[Result "0-1"]
[WhiteElo "1335"]
[BlackElo "1611"]
[PlyCount "48"]
[EventDate "2016.10.18"]
[EventType "swiss"]
[EventRounds "9"]
[EventCountry "USA"]
[SourceTitle "EXT 2018"]
[Source "ChessBase"]
[SourceDate "2017.10.13"]
[SourceVersion "1"]
[SourceVersionDate "2017.10.13"]
[SourceQuality "1"]

1. e4 e5 2. Nf3 Nc6 3. Bc4 Bc5 4. Nc3 Nf6 5. d3 h6 6. h3 0-0 7. 0-0 d6 8. Nh4 Nxe4 9. Ng6 Nxf2 10. Rxf2 Bxf2+ 11. Kxf2 Qf6+ 12. Nf4 exf4 13. Nd5 Qd8 14. Bxf4 Ne5 15. Bb3 Ng6 16. Bg3 Be6 17. Qf3 c6 18. Nf4 Bxb3 19. axb3 Qf6 20. Re1 Rfe8 21. Rb1 Qd4+ 22. Kf1 Nxf4 23. Bxf4 Re6 24. Bg3 Rf6 0-1

[Event "San Francisco TNM Fall op"]
[Site "San Francisco"]
[Date "2016.11.15"]
[Round "5"]
[White "Hack, Richard"]
[Black "Tuck, Drew"]
[Result "0-1"]
[WhiteElo "1611"]
[BlackElo "1341"]
[PlyCount "116"]
[EventDate "2016.10.18"]
[EventType "swiss"]
[EventRounds "9"]
[EventCountry "USA"]
[SourceTitle "EXT 2018"]
[Source "ChessBase"]
[SourceDate "2017.10.13"]
[SourceVersion "1"]
[SourceVersionDate "2017.10.13"]
[SourceQuality "1"]

1. e4 e5 2. Nf3 Nc6 3. Bb5 a6 4. Ba4 Nf6 5. 0-0 Be7 6. Re1 b5 7. Bb3 d6 8. c3 0-0 9. h3 Nb8 10. d4 Nbd7 11. Nbd2 Bb7 12. Bc2 Re8 13. Nf1 Bf8 14. Ng3 g6 15. a4 c5 16. d5 c4 17. Be3 Qc7 18. Nh2 h5 19. h4 Nc5 20. Qd2 bxa4 21. Bxc5 Qxc5 22. Bxa4 Reb8 23. Nhf1 Ng4 24. Nh2 Bh6 25. Qe2 Bc8 26. Bc6 Ra7 27. Qc2 Qb6 28. Nxg4 Bxg4 29. Ra2 Qd8 30. f3 Bc8 31. Qf2 Qxh4 32. Qxa7 Qxg3 33. Qf2 Bf4 34. Qxg3 Bxg3 35. Rb1 f5 36. Ra5 fxe4 37. fxe4 Bg4 38. Rxa6 Be2 39. Ra8 Rxa8 40. Bxa8 Kf7 41. b4 cxb3 42. Rxb3 Bf4 43. Rb7+ Kf6 44. Rd7 Be3+ 45. Kh2 Bc5 46. Rd8 Bd3 47. Rf8+ Kg5 48. Bc6 Bxe4 49. c4 Bd3 50. Rf3 e4 51. Rg3+ Kf6 52. Be8 e3 53. Rf3+ Kg5 54. Rg3+ Kh6 55. Bxg6 Bxg6 56. Rxe3 Bxe3 57. Kg3 Bd3 58. Kf3 Bc5 0-1

[Event "San Francisco Benson Memorial"]
[Site "San Francisco"]
[Date "2016.08.23"]
[Round "4"]
[White "Hack, Richard"]
[Black "Boldi, Nicholas Armen"]
[Result "1-0"]
[WhiteElo "1611"]
[BlackElo "1160"]
[PlyCount "111"]
[EventDate "2016.08.02"]
[EventType "swiss"]
[EventRounds "9"]
[EventCountry "USA"]
[SourceTitle "EXT 2018"]
[Source "ChessBase"]
[SourceDate "2017.10.13"]
[SourceVersion "1"]
[SourceVersionDate "2017.10.13"]
[SourceQuality "1"]

1. e4 e6 2. d4 d5 3. Nc3 Nf6 4. e5 Nfd7 5. f4 c5 6. Nf3 Nc6 7. Be3 Qb6 8. Na4 Qa5+ 9. c3 cxd4 10. Nxd4 Nxd4 11. Qxd4 b5 12. b4 Qxa4 13. f5 Nb6 14. f6 Nd7 15. Bg5 a5 16. fxg7 Bxg7 17. Bf6 Bxf6 18. exf6 axb4 19. cxb4 Qc2 20. Bxb5 Qe4+ 21. Qxe4 dxe4 22. 0-0 Kf8 23. Rad1 Ra7 24. Rd4 Rg8 25. Rc1 Ra8 26. Bxd7 Bxd7 27. Rxd7 Rg6 28. Rcd1 Rxf6 29. Rd8+ Rxd8 30. Rxd8+ Ke7 31. Rd4 Rf4 32. g3 Rg4 33. b5 Rg5 34. a4 Re5 35. b6 e3 36. Kf1 Rf5+ 37. Ke2 Rf2+ 38. Kxe3 Rb2 39. a5 Rb5 40. Kd3 Rxa5 41. Kc4 Ra4+ 42. Kc5 Rxd4 43. Kxd4 Kd6 44. g4 Kc6 45. g5 Kxb6 46. h4 Kc6 47. Ke5 Kc5 48. h5 Kc6 49. Kf6 e5 50. Kxe5 Kd7 51. Kf6 Ke8 52. Kg7 Ke7 53. Kxh7 Kf8 54. g6 f5 55. g7+ Ke7 56. g8Q 1-0

[Event "San Francisco TNM Fall op"]
[Site "San Francisco"]
[Date "2015.11.10"]
[Round "4"]
[White "Simpkins, Jerry"]
[Black "Hack, Richard"]
[Result "0-1"]
[WhiteElo "1611"]
[BlackElo "1648"]
[PlyCount "58"]
[EventDate "2015.10.20"]
[EventType "swiss"]
[EventRounds "9"]
[EventCountry "USA"]
[SourceTitle "EXT 2023"]
[Source "ChessBase"]
[SourceDate "2022.10.05"]
[SourceVersion "1"]
[SourceVersionDate "2022.10.05"]
[SourceQuality "1"]

1. e4 e5 2. Nf3 Nc6 3. d4 exd4 4. Nxd4 Bc5 5. Be3 Bb6 6. c3 d6 7. Bd3 Nf6 8. Na3 Ng4 9. 0-0 Nxe3 10. fxe3 Ne5 11. Bc2 Qg5 12. Qe1 0-0 13. Bb3 Bd7 14. Nc4 Rae8 15. Nxb6 axb6 16. Nf5 Bb5 17. Rf4 Nd3 18. Qd2 Nxf4 19. exf4 Qf6 20. Re1 Bc6 21. Bc2 Ra8 22. a3 Rfe8 23. g4 h6 24. g5 hxg5 25. fxg5 Qe5 26. Qg2 Re6 27. h4 Qxf5 28. exf5 Rxe1+ 29. Qf1 Rxf1+ 0-1

[Event "San Francisco TNM Spring op"]
[Site "San Francisco"]
[Date "2014.03.25"]
[Round "2"]
[White "Hack, Richard"]
[Black "Schlosberg, Mark"]
[Result "1-0"]
[WhiteElo "1594"]
[BlackElo "1289"]
[PlyCount "57"]
[EventDate "2014.03.18"]
[EventType "swiss"]
[EventRounds "8"]
[EventCountry "USA"]
[SourceTitle "EXT 2016"]
[Source "ChessBase"]
[SourceDate "2015.10.08"]
[SourceVersion "1"]
[SourceVersionDate "2015.10.08"]
[SourceQuality "1"]

1. e4 c5 2. Nf3 g6 3. d4 cxd4 4. Nxd4 e5 5. Nf3 Nf6 6. Bg5 Be7 7. Nc3 Bb4 8. Bd3 Bxc3+ 9. bxc3 Nc6 10. Qd2 0-0 11. 0-0 d6 12. h3 Be6 13. Nh2 a6 14. Kh1 b5 15. f4 Bc4 16. fxe5 Bxd3 17. Bxf6 Nxe5 18. Bxd8 Raxd8 19. cxd3 Kg7 20. Ng4 Nxg4 21. hxg4 Rfe8 22. Qg5 Rd7 23. Rf3 Re6 24. Rh3 f6 25. Qh6+ Kg8 26. Rf1 Rf7 27. Rhf3 a5 28. g5 b4 29. Rxf6 1-0

[Event "San Francisco TNM Fall op"]
[Site "San Francisco"]
[Date "2013.10.29"]
[Round "2"]
[White "Hack, Richard"]
[Black "Otterbach, Renate"]
[Result "1-0"]
[WhiteElo "1565"]
[BlackElo "865"]
[PlyCount "75"]
[EventDate "2013.10.22"]
[EventType "swiss"]
[EventRounds "9"]
[EventCountry "USA"]
[SourceTitle "EXT 2016"]
[Source "ChessBase"]
[SourceDate "2015.10.08"]
[SourceVersion "1"]
[SourceVersionDate "2015.10.08"]
[SourceQuality "1"]

1. e4 e6 2. d4 d5 3. Nc3 Ne7 4. e5 c5 5. Nf3 Nbc6 6. Bg5 Qb6 7. Na4 Qa5+ 8. c3 Nf5 9. dxc5 h6 10. b4 Qc7 11. Bf4 b6 12. cxb6 axb6 13. g4 Nfe7 14. Nb2 Qa7 15. Bb5 Bb7 16. 0-0 g5 17. Be3 Bg7 18. Bd4 0-0 19. Qd3 Ng6 20. Rfe1 Nf4 21. Qd2 Ne7 22. h4 Neg6 23. hxg5 Nh3+ 24. Kh2 Nhf4 25. Nd3 hxg5 26. Nxf4 Nxf4 27. Nxg5 Ng6 28. Qe3 Qb8 29. Qh3 Rc8 30. Qh7+ Kf8 31. Re3 Bf6 32. Nxe6+ Ke7 33. Kg1 Rh8 34. exf6+ Kd6 35. Qxf7 Rh1+ 36. Kxh1 Qh8+ 37. Kg1 Rg8 38. Qd7# 1-0

[Event "San Francisco Neil Falconer op"]
[Site "San Francisco"]
[Date "2013.08.20"]
[Round "3"]
[White "Poling, Scott"]
[Black "Hack, Richard"]
[Result "0-1"]
[WhiteElo "1751"]
[BlackElo "1567"]
[PlyCount "120"]
[EventDate "2013.08.06"]
[EventType "swiss"]
[EventRounds "9"]
[EventCountry "USA"]
[SourceTitle "EXT 2016"]
[Source "ChessBase"]
[SourceDate "2015.10.08"]
[SourceVersion "1"]
[SourceVersionDate "2015.10.08"]
[SourceQuality "1"]

1. e4 e5 2. Nf3 Nc6 3. d4 exd4 4. Bc4 Bc5 5. c3 d3 6. 0-0 d6 7. b4 Bb6 8. Qxd3 Nge7 9. a4 a6 10. Bg5 h6 11. Bh4 0-0 12. Nbd2 Qe8 13. Bb3 Ng6 14. Bg3 Be6 15. Rfe1 Bxb3 16. Nxb3 Rd8 17. Qd5 Nge5 18. Nbd4 Nxd4 19. Nxd4 c6 20. Qb3 Bc7 21. f4 Ng6 22. Nf5 Qe6 23. Qc2 Ne7 24. Bh4 f6 25. Nxe7+ Qxe7 26. c4 g5 27. Bg3 Rfe8 28. e5 dxe5 29. fxe5 Bxe5 30. Qg6+ Qg7 31. Qxg7+ Kxg7 32. Bxe5 Rxe5 33. Rad1 Rxe1+ 34. Rxe1 Kf7 35. b5 Rd4 36. Rc1 f5 37. Kf2 Rd2+ 38. Kf3 Ra2 39. bxc6 bxc6 40. Rb1 Rxa4 41. Rb6 Rxc4 42. Rxa6 Ke6 43. Ra7 Rc3+ 44. Kf2 h5 45. Rh7 h4 46. Rh5 Kf6 47. g3 hxg3+ 48. hxg3 f4 49. gxf4 gxf4 50. Ra5 c5 51. Ra8 Ke5 52. Re8+ Kd4 53. Rd8+ Kc4 54. Rf8 f3 55. Rb8 Kd4 56. Rd8+ Kc4 57. Rb8 Rd3 58. Rb7 Kc3 59. Rc7 c4 60. Ra7 Kb2 0-1